| 000 | 00420nam a22001217a 4500 | ||
|---|---|---|---|
| 005 | 20260629111933.0 | ||
| 100 |
_aAbdul Mannan _a19-MSM-01 _aSupervisor - Dr. Kamran Nazir Memon _91013 |
||
| 245 | _aExpact Solution for Phan Thien Tanner Fluid Through Circular Tank with Slip ( Thesis MS) | ||
| 260 |
_aNawabshah _bQUEST _c2025 |
||
| 300 | _a86p. | ||
| 700 |
_aDepartment of Mathematics and Statistics _91014 |
||
| 942 | _cTHESIS | ||
| 999 |
_c69073 _d69070 |
||